[Event "Karelian Autumn"]
[Site "Petrozavodsk"]
[Date "2011.10.14"]
[Round "8"]
[White "Oshukov, Andrey"]
[Black "Viushin, Dmitry A"]
[Result "1/2-1/2"]
[WhiteElo "2093"]
[BlackElo "2043"]
[PlyCount "21"]
[EventDate "2011.10.08"]
[EventType "swiss"]
[EventRounds "9"]
[EventCountry "RUS"]
[SourceTitle "EXT 2012"]
[Source "ChessBase"]
[SourceDate "2011.11.24"]
[SourceVersion "1"]
[SourceVersionDate "2011.11.24"]
[SourceQuality "1"]

1. e4 c6 2. c4 d5 3. exd5 cxd5 4. cxd5 Nf6 5. Bb5+ Nbd7 6. Nc3 a6 7. Qa4 Rb8 8. Bxd7+ Bxd7 9. Qb3 e6 10. dxe6 Bxe6 11. Qa4+ 1/2-1/2

[Event "Karelian Autumn"]
[Site "Petrozavodsk"]
[Date "2011.10.13"]
[Round "7"]
[White "Stebunov, Alexander A"]
[Black "Oshukov, Andrey"]
[Result "1/2-1/2"]
[WhiteElo "1945"]
[BlackElo "2093"]
[PlyCount "57"]
[EventDate "2011.10.08"]
[EventType "swiss"]
[EventRounds "9"]
[EventCountry "RUS"]
[SourceTitle "EXT 2012"]
[Source "ChessBase"]
[SourceDate "2011.11.24"]
[SourceVersion "1"]
[SourceVersionDate "2011.11.24"]
[SourceQuality "1"]

1. e4 c5 2. c3 d5 3. exd5 Qxd5 4. Nf3 Nc6 5. d4 e6 6. Na3 Qd8 7. Bf4 Nf6 8. Bb5 cxd4 9. Ne5 Bxa3 10. Nxc6 bxc6 11. Bxc6+ Bd7 12. Bxa8 Qxa8 13. 0-0 Bxb2 14. Rb1 dxc3 15. Qd6 Ne4 16. Qd4 f6 17. Rfe1 Qd5 18. Rxe4 Qxd4 19. Rxd4 e5 20. Rb4 exf4 21. Rb8+ Kf7 22. Rxh8 c2 23. Re1 c1Q 24. Rxc1 Bxc1 25. Ra8 Bb2 26. Rxa7 Ke7 27. a4 Bd4 28. Rb7 Bc3 29. Ra7 1/2-1/2

[Event "Karelian op 10th"]
[Site "Petrozavodsk"]
[Date "2010.10.12"]
[Round "5"]
[White "Oshukov, Andrey"]
[Black "Potievskaya, Alexandra"]
[Result "1-0"]
[WhiteElo "2090"]
[BlackElo "1812"]
[PlyCount "75"]
[EventDate "2010.10.01"]
[EventType "swiss"]
[EventRounds "9"]
[EventCountry "RUS"]
[SourceTitle "EXT 2022"]
[Source "ChessBase"]
[SourceDate "2021.10.06"]
[SourceVersion "1"]
[SourceVersionDate "2021.10.06"]
[SourceQuality "1"]

1. c4 e6 2. Nc3 Nf6 3. e4 d5 4. cxd5 exd5 5. e5 d4 6. exf6 dxc3 7. Qe2+ Be6 8. bxc3 gxf6 9. Qb5+ Qd7 10. d4 Qxb5 11. Bxb5+ c6 12. Bd3 Nd7 13. Ne2 0-0-0 14. f3 h5 15. a4 a5 16. Rb1 Bd6 17. Bd2 Bc7 18. Kf2 h4 19. Nf4 Rhg8 20. Rhe1 Rde8 21. c4 Nb8 22. Nxe6 fxe6 23. Rxe6 Rxe6 24. Bf5 Rge8 25. d5 cxd5 26. cxd5 Na6 27. Bxe6+ Kb8 28. Rb5 Bxh2 29. f4 Nc7 30. Rb6 Ka8 31. Rd6 Kb8 32. Be3 Bg3+ 33. Kf3 Be1 34. Bb6 Bb4 35. Rd7 Na6 36. Rd8+ Rxd8 37. Bxd8 Nc7 38. Bxf6 1-0

[Event "Karelia-ch 63rd"]
[Site "Petrozavodsk"]
[Date "2010.02.24"]
[Round "8"]
[White "Nasonov, Vadim"]
[Black "Oshukov, Andrey"]
[Result "1-0"]
[WhiteElo "2174"]
[BlackElo "2106"]
[PlyCount "39"]
[EventDate "2010.02.20"]
[EventType "swiss"]
[EventRounds "9"]
[EventCountry "RUS"]
[SourceTitle "CBM 135 Extra"]
[Source "ChessBase"]
[SourceDate "2010.05.04"]
[SourceVersion "1"]
[SourceVersionDate "2010.05.04"]
[SourceQuality "1"]

1. d4 Nf6 2. g3 e6 3. Bg2 d5 4. Nf3 a6 5. 0-0 Be7 6. c4 dxc4 7. Ne5 c5 8. dxc5 Qxd1 9. Rxd1 Bxc5 10. Nc3 Nbd7 11. Nxc4 0-0 12. Bf4 e5 13. Nxe5 Nxe5 14. Bxe5 Bxf2+ 15. Kf1 Ng4 16. Bd6 Re8 17. h3 Bxg3 18. Bxg3 Ne3+ 19. Kf2 Nxd1+ 20. Rxd1 1-0

[Event "Karelia-ch 63rd"]
[Site "Petrozavodsk"]
[Date "2010.02.22"]
[Round "4"]
[White "Turunen, Tuomo"]
[Black "Oshukov, Andrey"]
[Result "0-1"]
[WhiteElo "2045"]
[BlackElo "2106"]
[PlyCount "92"]
[EventDate "2010.02.20"]
[EventType "swiss"]
[EventRounds "9"]
[EventCountry "RUS"]
[SourceTitle "CBM 135 Extra"]
[Source "ChessBase"]
[SourceDate "2010.05.04"]
[SourceVersion "1"]
[SourceVersionDate "2010.05.04"]
[SourceQuality "1"]

1. d4 Nf6 2. c4 e6 3. Nc3 Bb4 4. Qc2 d5 5. e3 a6 6. a3 Bxc3+ 7. bxc3 dxc4 8. Bxc4 b5 9. Bd3 Bb7 10. e4 c5 11. dxc5 Nbd7 12. Be3 Ng4 13. Qd2 Nxe3 14. Qxe3 Nxc5 15. Bxb5+ axb5 16. Qxc5 Qd3 17. Rd1 Qxe4+ 18. Ne2 Qc6 19. Qxc6+ Bxc6 20. Nd4 Bd7 21. 0-0 Rxa3 22. Rb1 Rxc3 23. Nxb5 Rc5 24. Nd4 Ke7 25. Rfd1 Rhc8 26. Rb7 Rd5 27. Rbb1 Ba4 28. Rd2 Rc4 29. Nf3 Rxd2 30. Nxd2 Rc2 31. Nf3 Kf6 32. Kf1 e5 33. Re1 Bb5+ 34. Kg1 Be2 35. h3 Bxf3 36. gxf3 g5 37. Kg2 Rc4 38. Rb1 h5 39. Rb6+ Kf5 40. Rh6 Rc8 41. h4 f6 42. hxg5 Kxg5 43. Rh7 Rg8 44. Kh3 Kf4 45. Rxh5 Rg6 46. Kh4 Rg1 0-1

[Event "RUS-ch U16"]
[Site "Dagomys"]
[Date "2009.04.17"]
[Round "3"]
[White "Oshukov, Andrey"]
[Black "Donskov, Anatoly"]
[Result "0-1"]
[WhiteElo "2058"]
[BlackElo "2176"]
[PlyCount "106"]
[EventDate "2009.04.15"]
[EventType "swiss"]
[EventRounds "9"]
[EventCountry "RUS"]
[SourceTitle "CBM 130 Extra"]
[Source "ChessBase"]
[SourceDate "2009.07.02"]
[SourceVersion "2"]
[SourceVersionDate "2009.07.15"]
[SourceQuality "1"]

1. d4 Nf6 2. c4 e6 3. Nf3 d5 4. e3 c5 5. Nc3 Nc6 6. a3 a6 7. dxc5 Bxc5 8. b4 Bd6 9. Bb2 0-0 10. Be2 dxc4 11. Bxc4 b5 12. Bd3 Bb7 13. Qe2 Qe7 14. 0-0 Rfd8 15. Rfd1 Rac8 16. Ne4 Nxe4 17. Bxe4 Nb8 18. Bxb7 Qxb7 19. Be5 Bf8 20. Rxd8 Rxd8 21. Rd1 Rxd1+ 22. Qxd1 Qd7 23. Qc2 Qc6 24. Qd2 Nd7 25. Bd4 Qd5 26. Bc3 Qb3 27. Qc1 Nb6 28. Nd2 Qa2 29. Qb2 Qd5 30. Bd4 Na4 31. Qb3 Qc6 32. f3 Bd6 33. f4 Qc1+ 34. Nf1 Qc6 35. Nd2 Bc7 36. Qd3 f6 37. Qe4 Qd6 38. Qa8+ Kf7 39. Ne4 Qd5 40. Qxd5 exd5 41. Nc3 Nxc3 42. Bxc3 Ke6 43. g4 g6 44. h3 f5 45. g5 d4 46. Bxd4 Kd5 47. Kf2 Kc4 48. Kf3 Kb3 49. e4 fxe4+ 50. Kxe4 Kxa3 51. f5 gxf5+ 52. Kxf5 Bg3 53. Bc5 Kb3 0-1

[Event "RUS-ch U16"]
[Site "Dagomys"]
[Date "2009.04.16"]
[Round "2"]
[White "Konjuhov, Vladislav"]
[Black "Oshukov, Andrey"]
[Result "1/2-1/2"]
[WhiteElo "2194"]
[BlackElo "2058"]
[PlyCount "83"]
[EventDate "2009.04.15"]
[EventType "swiss"]
[EventRounds "9"]
[EventCountry "RUS"]
[SourceTitle "CBM 130 Extra"]
[Source "ChessBase"]
[SourceDate "2009.07.02"]
[SourceVersion "2"]
[SourceVersionDate "2009.07.15"]
[SourceQuality "1"]

1. Nf3 c5 2. g3 Nc6 3. Bg2 g6 4. d4 cxd4 5. Nxd4 Bg7 6. Nb3 e6 7. 0-0 d5 8. c3 Nge7 9. e4 d4 10. cxd4 Nxd4 11. Be3 Nec6 12. Nxd4 Bxd4 13. Bxd4 Qxd4 14. Nc3 e5 15. Qe2 Be6 16. Nd5 0-0 17. Qb5 Bxd5 18. exd5 Qb4 19. Qe2 Nd4 20. Qxe5 Rfe8 21. Qf6 Qxb2 22. Kh1 Qb6 23. Qf4 Nf5 24. Rab1 Qa6 25. Rfd1 Nd6 26. Rbc1 Rad8 27. a4 Qa5 28. h4 h5 29. Kh2 Re2 30. Rd3 Qb6 31. Re3 Rb2 32. Qf6 Nf5 33. Qxb6 axb6 34. Rf3 Rxd5 35. Rc7 Rdd2 36. Rxb7 Rb4 37. Bh3 Nd6 38. Rb8+ Kg7 39. Kg2 f5 40. Rf4 Rxf4 41. gxf4 Ne4 42. Rb7+ 1/2-1/2

[Event "Karelia-ch 62nd"]
[Site "Petrozavodsk"]
[Date "2009.02.24"]
[Round "6"]
[White "Oshukov, Andrey"]
[Black "Burkov, German"]
[Result "1/2-1/2"]
[WhiteElo "2051"]
[BlackElo "2188"]
[PlyCount "37"]
[EventDate "2009.02.21"]
[EventType "swiss"]
[EventRounds "9"]
[EventCountry "RUS"]
[SourceTitle "CBM 129 Extra"]
[Source "ChessBase"]
[SourceDate "2009.05.05"]
[SourceVersion "2"]
[SourceVersionDate "2009.05.20"]
[SourceQuality "1"]

1. d4 Nf6 2. Nf3 g6 3. g3 Bg7 4. Bg2 c5 5. c4 0-0 6. 0-0 cxd4 7. Nxd4 Nc6 8. Nc3 Nxd4 9. Qxd4 d6 10. Qd2 Rb8 11. Rd1 Be6 12. b3 Re8 13. Bb2 a6 14. Nd5 Bxd5 15. Bxd5 Nxd5 16. Bxg7 Kxg7 17. cxd5 Qd7 18. Rac1 Rbc8 19. Rc3 1/2-1/2

[Event "Petrozavodsk A1"]
[Site "Petrozavodsk"]
[Date "2008.10.18"]
[Round "11"]
[White "Yachmenev, Mikhail A"]
[Black "Oshukov, Andrey"]
[Result "1-0"]
[WhiteElo "2208"]
[BlackElo "2033"]
[PlyCount "49"]
[EventDate "2008.10.08"]
[EventType "tourn"]
[EventRounds "11"]
[EventCountry "RUS"]
[SourceTitle "EXT 2010"]
[Source "ChessBase"]
[SourceDate "2010.11.25"]
[SourceVersion "1"]
[SourceVersionDate "2010.11.25"]
[SourceQuality "1"]

1. e4 c5 2. Nf3 Nc6 3. Bb5 g6 4. 0-0 Bg7 5. Bxc6 dxc6 6. h3 e5 7. d3 Ne7 8. Be3 b6 9. a4 h6 10. Na3 Be6 11. a5 0-0 12. Nc4 Bxc4 13. dxc4 Qc7 14. Qd2 Kh7 15. axb6 axb6 16. Rxa8 Rxa8 17. Rd1 f5 18. Qd7 Ra7 19. Qxc7 Rxc7 20. Rd8 Rb7 21. g4 fxe4 22. Nd2 g5 23. Nxe4 Rc7 24. Rb8 Nc8 25. Bxg5 1-0

[Event "Petrozavodsk A1"]
[Site "Petrozavodsk"]
[Date "2008.10.15"]
[Round "8"]
[White "Oshukov, Andrey"]
[Black "Starshinov, Mikhail M"]
[Result "1-0"]
[WhiteElo "2033"]
[BlackElo "2104"]
[PlyCount "63"]
[EventDate "2008.10.08"]
[EventType "tourn"]
[EventRounds "11"]
[EventCountry "RUS"]
[SourceTitle "EXT 2010"]
[Source "ChessBase"]
[SourceDate "2010.11.25"]
[SourceVersion "1"]
[SourceVersionDate "2010.11.25"]
[SourceQuality "1"]

1. c4 c5 2. Nc3 Nc6 3. g3 g6 4. Bg2 Bg7 5. e4 d6 6. Nge2 e6 7. d3 Nge7 8. Be3 0-0 9. d4 cxd4 10. Nxd4 a6 11. 0-0 Rb8 12. a4 Na5 13. b3 Nec6 14. Nce2 b6 15. Rc1 Nb4 16. Qd2 Nac6 17. Nxc6 Nxc6 18. Rfd1 Na5 19. Qb4 Qc7 20. Qxd6 Qxd6 21. Rxd6 Nxb3 22. Rb1 Na5 23. Rb4 b5 24. axb5 axb5 25. cxb5 Be5 26. Rb6 Bd7 27. f4 Bf6 28. Bc5 Rfc8 29. Rxb8 Rxb8 30. e5 Rxb5 31. Rxb5 Bxb5 32. Nd4 1-0

[Event "Petrozavodsk A1"]
[Site "Petrozavodsk"]
[Date "2008.10.08"]
[Round "1"]
[White "Oshukov, Andrey"]
[Black "Kravtchenko, Vladimir G"]
[Result "0-1"]
[WhiteElo "2033"]
[BlackElo "2144"]
[PlyCount "56"]
[EventDate "2008.10.08"]
[EventType "tourn"]
[EventRounds "11"]
[EventCountry "RUS"]
[SourceTitle "EXT 2010"]
[Source "ChessBase"]
[SourceDate "2010.11.25"]
[SourceVersion "1"]
[SourceVersionDate "2010.11.25"]
[SourceQuality "1"]

1. d4 d5 2. Nf3 Nf6 3. e3 Bf5 4. c4 e6 5. Nc3 Nc6 6. a3 a5 7. Bd3 Bg6 8. cxd5 exd5 9. Bb5 Bd6 10. Ne5 Bxe5 11. dxe5 Nd7 12. Qxd5 0-0 13. f4 Qh4+ 14. g3 Qh3 15. Bf1 Qg4 16. Be2 Qh3 17. Kf2 Rad8 18. Qb5 Nb6 19. Bf1 Qe6 20. e4 Nd4 21. Qd3 Nb3 22. Qb1 Nc4 23. Bxc4 Qxc4 24. Qa2 Qc5+ 25. Kg2 Nxc1 26. Raxc1 Rd2+ 27. Kh3 Qf2 28. Qc4 Qf3 0-1

[Event "Petrozavodsk Elo-B"]
[Site "Petrozavodsk"]
[Date "2007.10.13"]
[Round "3"]
[White "Ivanov, Alexander G"]
[Black "Oshukov, Andrey"]
[Result "1/2-1/2"]
[WhiteElo "2111"]
[BlackElo "2005"]
[PlyCount "52"]
[EventDate "2007.10.11"]
[EventType "tourn"]
[EventRounds "9"]
[EventCountry "RUS"]
[SourceTitle "EXT 2009"]
[Source "ChessBase"]
[SourceDate "2008.11.26"]
[SourceVersion "1"]
[SourceVersionDate "2008.11.26"]
[SourceQuality "1"]

1. e4 d5 2. exd5 Qxd5 3. Nc3 Qa5 4. d4 Nf6 5. Bd2 c6 6. Nf3 Bg4 7. h3 Bf5 8. Bc4 Qc7 9. Qe2 h6 10. 0-0-0 Nbd7 11. g4 Bh7 12. g5 hxg5 13. Nxg5 Bg8 14. d5 Nb6 15. dxc6 Nxc4 16. Qxc4 Qxc6 17. Qb3 e6 18. Rhe1 Be7 19. f4 Bh7 20. Nxe6 fxe6 21. Rxe6 Bg8 22. Rxc6 Bxb3 23. Rc7 Be6 24. Re1 Bd7 25. Rxb7 0-0-0 26. Rxa7 Bd6 1/2-1/2

[Event "Petrozavodsk Elo-B"]
[Site "Petrozavodsk"]
[Date "2007.10.13"]
[Round "4"]
[White "Oshukov, Andrey"]
[Black "Yakkimaienen, Vjaino"]
[Result "1/2-1/2"]
[WhiteElo "2005"]
[BlackElo "2313"]
[PlyCount "27"]
[EventDate "2007.10.11"]
[EventType "tourn"]
[EventRounds "9"]
[EventCountry "RUS"]
[SourceTitle "EXT 2009"]
[Source "ChessBase"]
[SourceDate "2008.11.26"]
[SourceVersion "1"]
[SourceVersionDate "2008.11.26"]
[SourceQuality "1"]

1. d4 Nf6 2. Nf3 d6 3. g3 g6 4. Bg2 Bg7 5. 0-0 0-0 6. c4 c6 7. Nc3 Qa5 8. e4 e5 9. h3 Re8 10. Be3 Qb4 11. Qe2 Be6 12. d5 cxd5 13. cxd5 Bd7 14. Ne1 1/2-1/2

[Event "Karelia-ch"]
[Site "Petrozavodsk"]
[Date "2007.02.27"]
[Round "1"]
[White "Oshukov, Andrey"]
[Black "Sklyarov, Dmitry V"]
[Result "0-1"]
[WhiteElo "2007"]
[BlackElo "2335"]
[PlyCount "80"]
[EventDate "2007.02.27"]
[EventType "swiss"]
[EventRounds "9"]
[EventCountry "RUS"]
[SourceTitle "EXT 2010"]
[Source "ChessBase"]
[SourceDate "2010.11.25"]
[SourceVersion "1"]
[SourceVersionDate "2010.11.25"]
[SourceQuality "1"]

1. d4 d5 2. c4 dxc4 3. Nf3 a6 4. a4 Nf6 5. Nc3 Nc6 6. Bg5 h6 7. Bxf6 exf6 8. e3 Na5 9. Qc2 Bb4 10. Be2 0-0 11. 0-0 Qd6 12. Rad1 Bd7 13. e4 Rfe8 14. Nd2 b5 15. Kh1 Rad8 16. axb5 axb5 17. f4 Qxd4 18. Nxc4 Qc5 19. Nxa5 Bxa5 20. Rd5 Qe7 21. Bf3 c6 22. Rdd1 Qc5 23. Qf2 Qxf2 24. Rxf2 Be6 25. Rfd2 Rxd2 26. Rxd2 Rd8 27. Rxd8+ Bxd8 28. Kg1 b4 29. Ne2 Bb6+ 30. Kf1 Be3 31. Ke1 c5 32. g3 Kf8 33. f5 Bc4 34. Kd1 Bb3+ 35. Ke1 Ke7 36. Nf4 Bxf4 37. gxf4 g5 38. Kf2 gxf4 39. Be2 Kd6 40. Kf3 Ke5 0-1